00422pab a2200133 454500008004000000100002400040245011100064260000900175300001400184362000800198650004000206650002300246773001900269180718b2008 xxu||||| |||| 00| 0 eng d aPepinsky, Thomas B. aCapital mobility and coalitional politics: authoritarian regimes and economic adjustment in Southeast Asia c2008 ap.438-74. aApr aEconomic recession - Southeast Asia aEconomic recession aUrban Politics